| 000 | 00879cam a2200277 i 4500 | ||
|---|---|---|---|
| 005 | 20131126103932.0 | ||
| 008 | 770215s1976 enk 001 0 eng | ||
| 020 | _a0421891408 | ||
| 041 | 0 | _aeng | |
| 080 |
_a347 _x(094.4) |
||
| 110 | 1 | _aGreat Britain. | |
| 240 | 1 | 0 | _aFamily law statutes |
| 245 | 1 | 0 |
_aSweet & Maxwell's family law statutes / _cedited by Sweet & Maxwell's legal editorial staff, with Jennifer Terry ; advisory editor, Olive M. Stone. |
| 250 | _a2d ed. | ||
| 260 |
_aLondon : _bSweet & Maxwell, _c2004. |
||
| 300 |
_a603 p. ; _c24 cm. |
||
| 500 | _aPreface : f. V | ||
| 500 | _aIncludes index. | ||
| 650 | 0 |
_aMarrëdhëniet në familje _zBritania e madhe |
|
| 650 | 0 |
_aE drejta civile _zBritania e madhe |
|
| 700 | 1 | _aTerry, Jennifer. | |
| 700 | 1 | _aStone, Olive M. | |
| 710 | 2 | _aSweet & Maxwell. | |
| 740 | _aFamily law statutes. | ||
| 942 |
_2udc _cBK |
||
| 999 |
_c362 _d362 |
||